|
|
|
|
| LEADER |
01104nam a2200265 a 4500 |
| 001 |
12096 |
| 008 |
130724s1999 njua b 001 0 eng d |
| 010 |
|
|
|a 98048724
|
| 020 |
|
|
|a 0023887257
|
| 020 |
|
|
|a 013369190X
|
| 040 |
|
|
|a DLC
|c DLC
|d DLC
|d BD-DhAAL
|
| 082 |
0 |
0 |
|a 005.13/3
|2 21
|
| 100 |
1 |
|
|a Nyhoff, Larry R.
|
| 245 |
1 |
0 |
|a C++ :
|b an introduction to data structures /
|c Larry R. Nyhoff.
|
| 260 |
|
|
|a Upper Saddle River, N.J. :
|b Prentice Hall,
|c c1999.
|
| 300 |
|
|
|a xviii, 840 p. :
|b ill. ;
|c 23 cm.
|
| 500 |
|
|
|a "An Alan R. Apt book."
|
| 504 |
|
|
|a Includes bibliographical references and index.
|
| 541 |
|
|
|e 12096
|
| 650 |
|
0 |
|a C++ (Computer program language)
|
| 650 |
|
0 |
|a Data structures (Computer science)
|
| 852 |
1 |
|
|a Ayesha Abed Library
|j General shelf.
|
| 999 |
|
|
|c 13722
|d 13722
|
| 952 |
|
|
|0 0
|1 0
|2 ddc
|4 1
|6 005_133000000000000_NYH
|7 0
|9 22967
|a BRACUL
|b BRACUL
|c SPS
|d 2013-07-27
|g 190.00
|l 0
|o 005.133 NYH
|p 3010012096
|r 2013-07-27
|t 1
|w 2013-07-27
|y BK
|
| 952 |
|
|
|0 0
|1 0
|2 ddc
|4 1
|6 005_133000000000000_NYH
|7 0
|9 23031
|a BRACUL
|b BRACUL
|c SPS
|d 2013-07-29
|g 190.00
|l 0
|o 005.133 NYH
|p 3010012097
|r 2013-07-29
|t 2
|w 2013-07-29
|y BK
|